000 00908nas a2200265 4500
001 BR8602616
003 BR-BrBNA
005 20231205090505.0
007 ta
008 230509b bl.|||p| |||| 00| 00por d
040 _aBR-BrBNA
_bpor
_cBiblioteca Nacional de Agricultura
041 _a(Pt)
072 _aH60
100 1 _aGiaretta, H.
100 1 _aJamardo, A.
100 1 _aCatalogne, E.V.A.
245 1 _aSementes nocivas que ocorreram em amostras de sementes de azevem (Lolium multiflorum), analisadas no Rio Grande do Sul nos anos de 1978 e 1979
246 1 _aWeed seeds in ryegrass seeds, analysed in Rio Grande do Sul during 1978 and 1979
650 _aAZEVEM
650 _aSEMENTE
650 _aRIO GRANDE DO SUL
773 0 _tAgronomia Sulriograndense (Brazil)
_xISSN 0400-8111
_g(1984), v. 20(2) p. 3-9
_wBR8602616
909 _a202311
_bLúcia
_c55
_dLúcia Elande
942 _2AGRIS
_n0
_cANA
999 _c118800
_d118800